Jak vést lidi

Vedenie ľudí nie je otázkou postavenia, ale voľby. Článok chce podporiť schopnosť človeka viesť, vybrať si to, že bude bez ohľadu na svoje postavenie uplatňovať svoj vplyv.

Gespeichert in:
Bibliographische Detailangaben
1. Verfasser: Covey, Stephen R.
Format: Buchkapitel
Sprache:Tschechisch
Schlagworte:
Tags: Tag hinzufügen
Keine Tags, Fügen Sie das erste Tag hinzu!

MARC

LEADER 00000naa$a2200000$$$4500
001 0111753
005 20230804112054.8
041 0 |a cze 
044 |a CZ 
245 1 0 |a Jak vést lidi  |c Stephen R. Covey 
520 |a Vedenie ľudí nie je otázkou postavenia, ale voľby. Článok chce podporiť schopnosť človeka viesť, vybrať si to, že bude bez ohľadu na svoje postavenie uplatňovať svoj vplyv. 
610 2 0 |a vedenie ľudí 
610 2 0 |a vodcovstvo 
610 2 0 |a rozhodovanie 
100 1 |a Covey, Stephen R.